|
|
|
|
| LEADER |
00000cam a2200000 7i4500 |
| 001 |
0000000821 |
| 005 |
20240919.0 |
| 040 |
|
|
|a INS
|
| 090 |
0 |
0 |
|a TL205
|b T2551
|
| 245 |
1 |
0 |
|a Technical service to South East Asian manufacturers :
|b A guide to production of microcellular soleing
|c The Rubber Research Institute of Malaya
|
| 260 |
|
|
|a Kuala Lumpur :
|b Institut Penyelidikan Getah
|
| 300 |
|
|
|a 17p. ;
|c 21 cm.
|
| 650 |
0 |
0 |
|a Cellular control mechanisms
|x Guide books
|
| 650 |
0 |
0 |
|a Customer service
|z South East Asian
|x Guide books
|
| 710 |
1 |
|
|a Malaysia
|x Institut Penyelidikan Getah
|
| 999 |
|
|
|a 0000001333
|b BOOK
|c Open Shelf
|e Default branch
|